000
00322nam a22001337a 4500
999
_c
8033
_d
8033
003
OSt
005
20200619155120.0
008
200619b ||||| |||| 00| 0 eng d
020
_a
9787561177679
082
_a
372
245
_a
Science and Research Building
260
_b
Dalian University of Technology Press
942
_2
ddc